000 00306nam a22001337a 4500
008 170609b xxu||||| |||| 00| 0 eng d
020 _a9780673398888
041 _aeng
080 _25TH
_a32
100 _a19
101 _aSHP
245 _aTHE AMERICAN POLITICAL SYSTEM
_cGREENBERG,E.S
942 _2udc
_cBK
999 _c16642
_d16642